000
00328nam a2200145Ia 4500
005
20251222144829.0
008
251222s9999||||xx |||||||||||||| ||spa||
020
_a
88-211-8211-8
082
_a
858.98/G79
100
_a
Grego, Adriano
245
0
_a
Remo Maun Avvocato
250
_a
2a.ed.
264
_b
Marietti
942
_c
LIB
999
_c
20797
_d
20797